Preparative Chromatography of Fine Chemicals and Pharmaceutical Agents
Saved in:
| Main Author: | |
|---|---|
| Format: | Book |
| Language: | English |
| Published: |
Weinheim
Wiley-VCH Verlag
2005
|
| Edition: | 1. edition |
| Subjects: | |
| Online Access: | View in OPAC |
| Tags: |
No Tags, Be the first to tag this record!
|
MARC
| LEADER | 00000nam a2200000 a 4500 | ||
|---|---|---|---|
| 005 | 20260127134247.0 | ||
| 008 | 070126 2005 nbu 000 0 eng d | ||
| 020 | |a 3527306439 | ||
| 035 | |a vtls008939512 | ||
| 039 | 9 | |a 201710180747 |b AUTHORITY |c 201710180746 |d AUTHORITY |c 200701261033 |d mschk03 |y 200701261031 |z mschk03 | |
| 040 | |a STUSCHK1 |b slo |c STUSCHK1 |e AACR2 | ||
| 080 | |a 610/.28 | ||
| 100 | 1 | |a Schmidt-Traub, Henner | |
| 245 | 1 | |a Preparative Chromatography |b of Fine Chemicals and Pharmaceutical Agents | |
| 250 | |a 1. edition | ||
| 260 | |a Weinheim |b Wiley-VCH Verlag |c 2005 | ||
| 300 | |a xxvii, 458 p. : ill. ; 25 cm | ||
| 650 | 0 | |a Chromatography | |
| 650 | 0 | |a Chemistry | |
| 650 | 0 | |a Termodynamics | |
| 650 | 0 | |a Pharmaceutical industry | |
| 910 | |a SCHK95 | ||
| 919 | |a 3-527-30643-9 | ||
| 999 | |c 8136 |d 8136 | ||